[Event "Los Angeles Metropolitan qual 14th"]
[Site "Los Angeles"]
[Date "2011.11.13"]
[Round "5"]
[White "Stevens, Lawrence"]
[Black "Ruiz, Alejandro Jr"]
[Result "1-0"]
[WhiteElo "2026"]
[BlackElo "2023"]
[PlyCount "101"]
[EventDate "2011.11.11"]
[EventType "swiss"]
[EventRounds "5"]
[EventCountry "USA"]
[SourceTitle "EXT 2013"]
[Source "ChessBase"]
[SourceDate "2012.11.22"]
[SourceVersion "1"]
[SourceVersionDate "2012.11.22"]
[SourceQuality "1"]

1. e4 c5 2. c3 d5 3. exd5 Qxd5 4. d4 Nc6 5. Nf3 Bg4 6. dxc5 Qxd1+ 7. Kxd1 e6 8. b4 Be7 9. Kc2 Bf6 10. Bb2 Bf5+ 11. Kb3 a5 12. a3 Nge7 13. Nbd2 Nd5 14. Nc4 0-0 15. Rc1 Rfb8 16. Nd6 Bg6 17. Bb5 Na7 18. Rhd1 b6 19. cxb6 Rxb6 20. Bf1 Rxd6 21. c4 a4+ 22. Ka2 Nc3+ 23. Bxc3 Rxd1 24. Rxd1 Bxc3 25. b5 Bc2 26. Rd7 h6 27. Nd4 Bxd4 28. Rxd4 Bb3+ 29. Kb2 Kf8 30. Kc3 Ke7 31. Kb4 Rb8 32. Ka5 e5 33. Rd5 Ke6 34. Ka6 Nc8 35. Rc5 Nd6 36. Rc6 Kd7 37. g3 Nc8 38. Bh3+ Kd8 39. b6 Rxb6+ 40. Rxb6 Nxb6 41. Kxb6 Bxc4 42. Ka5 Bb3 43. Bf1 f5 44. Bb5 g5 45. Bxa4 Bxa4 46. Kxa4 f4 47. Kb4 Kd7 48. Kc5 Ke6 49. g4 h5 50. gxh5 Kf5 51. h6 1-0